Slopes : (Record no. 547518)
[ view plain ]
| 000 -LEADER | |
|---|---|
| fixed length control field | 01033cam a2200217 i 4500 |
| 020 ## - INTERNATIONAL STANDARD BOOK NUMBER | |
| International Standard Book Number | 0309030641 |
| 082 00 - DEWEY DECIMAL CLASSIFICATION NUMBER | |
| Classification number | 625.73 |
| Author Mark | NAT |
| 245 00 - TITLE STATEMENT | |
| Title | Slopes : |
| Remainder of title | analyses and stabilization = Taludes : análisis y estabilización = Talus : analyses et stabilisation / |
| Statement of responsibility, etc. | Transportation Research Board, Commission on Sociotechnical Systems, National Research Council. |
| 260 ## - PUBLICATION, DISTRIBUTION, ETC. | |
| Place of publication, distribution, etc. | Washington, D.C. : |
| Name of publisher, distributor, etc. | National Academy of Sciences, |
| Date of publication, distribution, etc. | 1980. |
| 300 ## - PHYSICAL DESCRIPTION | |
| Extent | xxx, 243 p. : |
| Other physical details | ill. (1 fold. in pocket) ; |
| Dimensions | 28 cm. |
| 500 ## - GENERAL NOTE | |
| General note | "Prepared under contract AID/OTR-C-1591, project 931-1116, U.S. Agency for International Development." |
| 500 ## - GENERAL NOTE | |
| General note | Includes index. |
| 526 ## - STUDY PROGRAM INFORMATION NOTE | |
| Program name | 0 |
| Interest level | 0 |
| Reading level | 0 |
| Title point value | 625_730000000000000_NAT |
| 650 #0 - SUBJECT ADDED ENTRY--TOPICAL TERM | |
| Topical term or geographic name entry element | Landslides |
| Geographic subdivision | Developing countries. |
| 9 (RLIN) | 43704 |
| 650 #0 - SUBJECT ADDED ENTRY--TOPICAL TERM | |
| Topical term or geographic name entry element | MCE |
| 9 (RLIN) | 379 |
| 650 #0 - SUBJECT ADDED ENTRY--TOPICAL TERM | |
| Topical term or geographic name entry element | Roads |
| Geographic subdivision | Developing countries |
| General subdivision | Subgrades. |
| 650 #0 - SUBJECT ADDED ENTRY--TOPICAL TERM | |
| Topical term or geographic name entry element | Slopes (Soil mechanics) |
| Geographic subdivision | Developing countries. |
| 9 (RLIN) | 43705 |
| 650 #0 - SUBJECT ADDED ENTRY--TOPICAL TERM | |
| Topical term or geographic name entry element | Soil stabilization |
| Geographic subdivision | Developing countries. |
| 9 (RLIN) | 43706 |
| 710 2# - ADDED ENTRY--CORPORATE NAME | |
| Corporate name or jurisdiction name as entry element | National Research Council (U.S.). |
| 9 (RLIN) | 20017 |
| 942 ## - ADDED ENTRY ELEMENTS (KOHA) | |
| Source of classification or shelving scheme | |
| Koha item type | Book |
| Withdrawn status | Lost status | Source of classification or shelving scheme | Damaged status | Not for loan | Permanent Location | Current Location | Date acquired | Total Checkouts | Full call number | Barcode | Date last seen | Price effective from | Koha item type |
|---|---|---|---|---|---|---|---|---|---|---|---|---|---|
| Military College of Engineering (MCE) | Military College of Engineering (MCE) | 07/21/2014 | 625.73 NAT | MCE-41505 | 07/21/2014 | 07/21/2014 | Book |
